000 00354nam a2200145Ia 4500
008 230917s9999||||xx |||||||||||||| ||und||
040 _e207501
_aMAIN
041 _aEnglish
082 _a512.482 S54N
100 _aStillwell, John
245 0 _aNaive lie theory
260 _aNew Delhi
_bSpringer (India)
_c2011
300 _axii, 217 p.
942 _cBK
999 _c134813
_d134813